Economic geography : the integration of regions and nations
Αποθηκεύτηκε σε:
| Κύριος συγγραφέας: | |
|---|---|
| Άλλοι συγγραφείς: | , |
| Μορφή: | Βιβλίο |
| Γλώσσα: | English |
| Δημοσίευση: |
Princeton :
Princeton University Press,
c2008
|
| Θέματα: | |
| Ετικέτες: |
Προσθήκη ετικέτας
Δεν υπάρχουν, Καταχωρήστε ετικέτα πρώτοι!
|
MARC
| LEADER | 00000nam a2200000 i 4500 | ||
|---|---|---|---|
| 001 | 1/13101 | ||
| 008 | 110510s2008 eng d | ||
| 020 | |a 978-0-691-12459-9 (pbk.) | ||
| 035 | |l 10110063 | ||
| 040 | |a GR-MY-UA |b gre |e aacr | ||
| 041 | 0 | |a eng | |
| 082 | 0 | |a 330.9 |2 (22) | |
| 100 | 1 | |a Combes, Pierre-Philippe. | |
| 245 | 1 | 0 | |a Economic geography : |b the integration of regions and nations / |c Pierre-Philippe Combes; Thierry Mayer; Jacques-Francois Thisse |
| 260 | |a Princeton : |b Princeton University Press, |c c2008 | ||
| 300 | |a xxiii, 399 σ.; |b διαγ., χάρτες; |c 24 εκ. | ||
| 504 | |a Βιβλιογραφία: σ. 379-395. Ευρετήριο | ||
| 650 | 0 | 0 | |a Economic geography |x Mathematical models. |
| 650 | 0 | 0 | |a Regional planning |x Mathematical models. |
| 650 | 0 | 0 | |a Space in economics |x Mathematical models. |
| 700 | 1 | |a Mayer, Thierry. | |
| 700 | 1 | |a Thisse, Jacques-Francois. | |
| 852 | |a INST |b CHIOS |e 20110510 |h 330.9 COM |p 005200031253 |q 005200031253 |t BK |y 0 | ||
| 901 | |a BIBL2-2011-2 | ||
| 909 | |a Χ |b 167521 | ||
| 922 | |a 2ΕΛΗ |b 201011 |c ΤΑΚΤ/ΔΠΜΣ-ΣΔΠΤ |d ΜΙΧΑΛΟΠΟΥΛΟΣ | ||
| 970 | |a ΣΑΛΑΜΟΥΡΑ |b ΜΑΡΙΑ |z 2011/05/10 | ||